000
00250nam a2200097Ia 4500
008
190216s9999||||xx |||||||||||||| ||und||
100
_a
Krishan Warrier N V
245
0
_a
Vyavasayika Karbanika Resathanthram
260
_b
Anmol Publications
942
_c
BK
999
_c
39130
_d
39130